Vincitori Roland Garros - Singolare maschile - Statistics

Statistiche generali
  • Questo quiz è stato fatto 27 volte
    22 dall'ultimo reset
  • Il punteggio medio è 36 su 57
Statistiche sulle risposte
Edizione Nazione Tennista vincitore % Corretto
2016 Serbia Novak Djokovic
100%
2021 Serbia Novak Djokovic
100%
2023 Serbia Novak Djokovic
100%
2005 Spagna Rafael Nadal
100%
2006 Spagna Rafael Nadal
100%
2007 Spagna Rafael Nadal
100%
2008 Spagna Rafael Nadal
100%
2010 Spagna Rafael Nadal
100%
2011 Spagna Rafael Nadal
100%
2012 Spagna Rafael Nadal
100%
2013 Spagna Rafael Nadal
100%
2014 Spagna Rafael Nadal
100%
2017 Spagna Rafael Nadal
100%
2018 Spagna Rafael Nadal
100%
2019 Spagna Rafael Nadal
100%
2020 Spagna Rafael Nadal
100%
2022 Spagna Rafael Nadal
100%
2009 Svizzera Roger Federer
100%
2024 Spagna Carlos Alcaraz
90%
1974 Svezia Björn Borg
86%
1975 Svezia Björn Borg
86%
1978 Svezia Björn Borg
86%
1979 Svezia Björn Borg
86%
1980 Svezia Björn Borg
86%
1981 Svezia Björn Borg
86%
1976 Italia Adriano Panatta
81%
1999 Stati Uniti Andre Agassi
71%
1984 Cecoslovacchia Ivan Lendl
67%
1986 Cecoslovacchia Ivan Lendl
67%
1987 Cecoslovacchia Ivan Lendl
67%
2015 Svizzera Stan Wawrinka
67%
1982 Svezia Mats Wilander
52%
1985 Svezia Mats Wilander
52%
1988 Svezia Mats Wilander
52%
1997 Brasile Gustavo Kuerten
48%
2000 Brasile Gustavo Kuerten
48%
2001 Brasile Gustavo Kuerten
48%
1969 Australia Rod Laver
48%
1998 Spagna Carlos Moyá
43%
2003 Spagna Juan Carlos Ferrero
43%
1973 Romania Ilie Năstase
33%
1991 Stati Uniti Jim Courier
33%
1992 Stati Uniti Jim Courier
33%
1977 Argentina Guillermo Vilas
29%
1983 Francia Yannick Noah
29%
1995 Austria Thomas Muster
24%
1996 Russia Yevgeny Kafelnikov
24%
2004 Argentina Gastón Gaudio
19%
1989 Stati Uniti Michael Chang
19%
1970 Cecoslovacchia Jan Kodeš
14%
1971 Cecoslovacchia Jan Kodeš
14%
1968 Australia Ken Rosewall
14%
1993 Spagna Sergi Bruguera
14%
1994 Spagna Sergi Bruguera
14%
2002 Spagna Albert Costa
10%
1972 Spagna Andrés Gimeno
5%
1990 Ecuador Andrés Gómez
5%
Nessun quiz corrispondente trovato
Distribuzione punteggi
Percentuale di utenti per punteggio
Percentile per numero di risposta
I tuoi punteggi nel tempo
Non hai fatto questo quiz dall'ultimo reset